[Event "Bogota McGregor op 2nd"]
[Site "Bogota"]
[Date "2011.12.08"]
[Round "5"]
[White "Hijuelos, Ignacio"]
[Black "Perez Rojas, Luis Fernando"]
[Result "1/2-1/2"]
[WhiteElo "1971"]
[BlackElo "1993"]
[PlyCount "111"]
[EventDate "2011.12.06"]
[EventType "swiss"]
[EventRounds "10"]
[EventCountry "COL"]
[SourceTitle "CBM 145 Extra"]
[Source "ChessBase"]
[SourceDate "2012.01.03"]
[SourceVersion "1"]
[SourceVersionDate "2012.01.03"]
[SourceQuality "1"]

1. e4 e6 2. d4 d5 3. Nd2 Nf6 4. e5 Nfd7 5. Bd3 c5 6. c3 Nc6 7. Ne2 f6 8. Nf4 Qe7 9. Qh5+ Kd8 10. Nf3 cxd4 11. cxd4 Nb6 12. 0-0 f5 13. Nxd5 Nxd5 14. Bg5 Nf6 15. exf6 gxf6 16. Bf4 Qe8 17. Bc7+ Kd7 18. Qxe8+ Kxe8 19. d5 exd5 20. Rfe1+ Kf7 21. Re2 Bd7 22. a3 Bh6 23. Rd1 Rac8 24. Bd6 a6 25. Bb1 Be6 26. Ba2 Rcd8 27. Bc5 Rhe8 28. Rde1 Bf4 29. g3 Be5 30. Bb6 Rc8 31. b4 Re7 32. Kg2 Rd7 33. Nh4 Re8 34. f4 Bd4 35. Bxd4 Nxd4 36. Rd2 Nc6 37. Rde2 Rde7 38. Kf2 d4 39. Bb1 Bd7 40. Nxf5 Rxe2+ 41. Rxe2 Rxe2+ 42. Kxe2 Ke6 43. Be4 Bc8 44. Bxc6 Kxf5 45. Bf3 Ke6 46. Kd3 Kd6 47. Kxd4 b6 48. Be4 h6 49. Bd5 Ke7 50. Ba8 Kd6 51. a4 a5 52. Kc4 Bd7 53. b5 Be6+ 54. Kc3 Bg4 55. Be4 Kc5 56. Bc2 1/2-1/2